000 00680nam a2200241Ia 4500
003 OSt
005 20220928101740.0
006 a|||||r|||| 00| 0
007 ta
008 220927b |||||||| |||| 00| 0 eng d
024 _a41248
037 _cTextual
040 _aSDCL
_cSDCL
_beng
041 _2eng
_aeng
082 _aXM5:(Z2), P4
100 _aPuliani Ravi Ed.
_9393413
245 0 _aBharat manual of companies act & corporate laws
260 _aNew Delhi
_bBharat Law
_c2004
300 _a1215p
_ccm.
700 _a Puliani Mahesh Ed.
_9393414
942 _hXM5:(Z2), P4
_cTEXL
_2CC
999 _c710309
_d710309